History Quiz

Random History or German Quiz

Baby Names: German Boy (1900s) Quiz Stats

 Plays Quiz Updated Sep 30, 2019

Support Sporcle.
Go Orange.
Score 0/30 Timer 07:00
2 Plays Today
Rank Name % Correct
21.Adolf
72.9%
9.Hans
65.7%
1Wilhelm
46.6%
14.Johann
45.9%
12.Franz
43%
2.Carl/Karl
42.8%
3.Heinrich
41.5%
28.Josef/Joseph
40.6%
23.Georg
35%
6.Paul
33.4%
5.Friedrich
33.4%
7.Otto
31.6%
27.Fritz
28.2%
24.Albert
28%
30.Ludwig
27.4%
Rank Name % Correct
4.Hermann
26%
15.Johannes
24.9%
18.Richard
24.2%
20.Robert
23.7%
22.Rudolf/Rudolph
23.4%
17.Willi/Willy
23.2%
16.Max
21.5%
26.Curt/Kurt
18.4%
10.Walter/Walther
18.1%
11.Gustav
16.6%
25.Alfred
15.7%
29.Erich
15.7%
8.Ernst
14.9%
13.August
11.2%
19.Emil
7.8%

You're not logged in!

Compare scores with friends on all Sporcle quizzes.
OR
Log In

From the Vault

Big 4 Sports Champs of the 2000s

by philly_phan

Now imagine how nuts it would be if these all went to one person.
Remove Ads.
Support Sporcle.
Get the best of Sporcle when you Go Orange. This ad-free experience offers more features, more stats, and more fun while also helping to support Sporcle. Thank you for becoming a member.

Show Comments

Extras

Top Quizzes Today


Score Distribution

Your Account Isn't Verified!

In order to create a playlist on Sporcle, you need to verify the email address you used during registration. Go to your Sporcle Settings to finish the process.

Report this User

Report this user for behavior that violates our Community Guidelines.

Details: